000 00393nam a2200157 4500
005 20250813095716.0
008 241017b |||||||| |||| 00| 0 eng d
020 _a9780571228522
_qpbk
041 _aeng
082 _a823.914
_bJAM
100 _aJames, P. D.
245 _a The children of men /P. D. James
260 _a Faber,
_c2005.
300 _a 278 pages ; 18 cm
942 _cENGLISH
999 _c565451
_d565451